00548nam a22001697a 4500003000400000008004100004082001700045100002500062245015200087260006800239300001000307502001700317650001300334650000900347650001100356650001100367OSt260514b |||||||| |||| 00| 0 eng d a633.18bS48S aSingh, Shyam Bihari. aStudies on the Effect of Split Application of Nitrogen Desiccants and Time of Harvest on Yield and Quality of Summer Rice / cby Shyam Bihari Singh a.- Sabour, Bhagappurb: Bihar Agricultural College, RAUc, 1989 a116p. bPh. D.d1989 aAgronomy aRice aThesis aPh. D.